000 00299nam a2200121Ia 4500
008 191201s2007 xx 000 0 und d
100 _aBANSAL, Manish
245 0 _aDerivatives & Financial Innovations
260 _aN.Delhi
_bTata McGraw Hill
_c2007
300 _a-
650 _aMBA
942 _2ddc
_cBK
999 _c2971
_d2971